| 000 | 00560cam a22002051 4500 | ||
|---|---|---|---|
| 001 | af 47002135 | ||
| 003 | DLC | ||
| 005 | 20260227110812.0 | ||
| 008 | 801028s1944 xx 000 0 ger c | ||
| 010 | _aaf 47002135 | ||
| 035 | _a(OCoLC)6873699 | ||
| 040 |
_aYale Univ. Library _cGASU _dWaS _dDLC |
||
| 042 | _apremarc | ||
| 050 | 0 | 0 |
_aPT2631.O44 _bB7 1944 |
| 100 | 1 |
_aPolenz, Wilhelm von, _d1861-1903. |
|
| 245 | 1 | 4 |
_aDer Büttnerbauer; _bRoman. |
| 260 |
_aBerlin, _bT. Knaur Nachf. _c[1944] |
||
| 300 |
_a351, [1] p. _c20 cm. |
||
| 500 | _aPrinted in Belgium. | ||
| 999 |
_c1576 _d1576 |
||